Statistics for Mercy - Shawn Mendes (All Lyrics)

Click here to take the quiz!

General Stats

  • This quiz has been taken 644 times
  • The average score is 267 of 327

Answer Stats

Mercy% Correct
I
99%
me
99%
me?
99%
on
98%
mercy
97%
you
97%
You
97%
a
96%
please
96%
my
95%
have
93%
heart
93%
Heart
93%
heart?
93%
it
93%
do
91%
take
90%
Take
90%
to
90%
Don't
89%
don't
89%
easy
89%
Even
89%
even
89%
I'm
89%
go
85%
an
83%
apart
83%
be
83%
hurt
83%
the
83%
your
83%
keep
81%
tearing
81%
though
81%
would
79%
Would
79%
Baby
78%
baby
78%
know
78%
mean
78%
And
77%
and
77%
got
77%
all
73%
Verse 1You've
71%
hold
69%
power
69%
can't
68%
begging
66%
for
65%
open
65%
air
64%
bones
64%
life
64%
ChorusOh
64%
door
63%
from
63%
need
63%
saying
63%
when
63%
free
62%
good
62%
inside
62%
lungs
62%
Show
62%
skin
62%
twice
62%
Just
61%
off
61%
anymore
60%
BridgeConsuming
60%
feet
60%
prepared
60%
set
60%
But
59%
Ripping
59%
sacrifice
59%
hundred
58%
intentions
58%
stand
58%
gladly
55%
puppet
55%
you're
55%
not
54%
slam
54%
that
54%
around
51%
is
51%
string
51%
with
51%
near
49%
Tell
49%
fall
48%
night
48%
asking
46%
through
46%
crazy
45%
drive
45%
testify
45%
Verse 2I'd
44%
honest
42%
lot
42%
ya
41%
pride
40%

Score Distribution

Percentile by Number Answered

Percent of People with Each Score

Your Score History

You have not taken this quiz